[Event "JUG Cup (Women)"]
[Site "Ulcinj"]
[Date "1997.??.??"]
[Round "?"]
[White "Prudnikova, Svetlana"]
[Black "Maric, Alisa"]
[Result "1/2-1/2"]
[WhiteElo "2380"]
[BlackElo "2455"]

1.Nf3 Nf6 2.c4 e6 3.Nc3 c5 4.g3 Nc6 5.Bg2 d5 6.cxd5 Nxd5 7.O-O Be7 8.Nxd5 exd5
9.d4 O-O 10.Be3 c4 11.b3 cxb3 12.Qxb3 Na5 13.Qd3 Be6 14.h4 f6 15.Nd2 Qd7
16.Nb3 Bf5 17.Qc3 Nc4 18.Nc5 Bxc5 19.dxc5 Nxe3 20.Qxe3 Rfe8 21.Qd4 Be4 22.f3  1/2-1/2

[Event "JUG Cup"]
[Site "Ulcinj"]
[Date "1997.??.??"]
[Round "?"]
[White "Todorovic, Goran N"]
[Black "Petronic, Jovan"]
[Result "1-0"]
[WhiteElo "2410"]
[BlackElo "2455"]

1.Nf3 Nf6 2.c4 c5 3.Nc3 g6 4.d4 cxd4 5.Nxd4 Nc6 6.g3 Bg7 7.Bg2 O-O 8.O-O Ng4
9.e3 Nxd4 10.exd4 d6 11.h3 Nh6 12.d5 Nf5 13.Rb1 Bd7 14.Bd2 Rb8 15.b3 a6 16.Ne4 b5
17.c5 dxc5 18.Nxc5 Bc8 19.Bf4 Nd6 20.Nd3 Bf5 21.Re1 Bxd3 22.Qxd3 Rc8 23.Bd2 Qd7
24.g4 Rfe8 25.Rbc1 Rxc1 26.Rxc1 Qa7 27.Be3 Qb8 28.Rc6 a5 29.Ra6 Qc7 30.Rc6 Qb8
31.Bf3 a4 32.bxa4 bxa4 33.Ra6 Qb4 34.Bd2 Qc4 35.Qxc4 Nxc4 36.Bb4 Nb2 37.Ra7 Bf6
38.d6 exd6 39.Bxd6 Bd4 40.Ra8 Rxa8 41.Bxa8 Nd1 42.Bc6 a3 43.Bb5 Bb2 44.Bc4 Nc3
45.Kg2 Ne4 46.Bb4 Kg7 47.f3 Nf6 48.Kf2 Nd7 49.Ke3 Ne5 50.Bd5 f5 51.Be7 Bc1+
52.Ke2 fxg4 53.fxg4 h6 54.Kd1 Bb2 55.Kc2 g5 56.Be4 Nc4 57.Bd3 Ne3+ 58.Kb3 Bd4
59.Bxa3 Kf7 60.Bb2 Bb6 61.Bc4+ Kg6 62.Bd3+ Kf7 63.a4 Nd1 64.Ba1 Nf2 65.Bf1 Kg6
66.Kc4 Nd1 67.Bd3+ Kf7 68.Kb5 Be3 69.a5 Nf2 70.Bf1 h5 71.gxh5 g4 72.hxg4 Nxg4
73.a6 Ke7 74.Bc3 Kd6 75.Bb4+ Kc7 76.Ba5+ Kb8 77.Bb6 Bxb6 78.Kxb6 Ne3 79.h6 Nd5+
80.Kc5 Nf6 81.h7  1-0

[Event "Villa Ballester op"]
[Site "Villa Ballester"]
[Date "1997.??.??"]
[Round "8"]
[White "Anelli, Antonio"]
[Black "Needleman, Alejandro"]
[Result "0-1"]
[WhiteElo "2305"]
[BlackElo "2330"]

1.c4 c5 2.Nf3 Nf6 3.Nc3 d5 4.cxd5 Nxd5 5.g3 Nc6 6.Bg2 g6 7.Qb3 Nb6 8.d3 Bg7
9.Ng5 O-O 10.Bxc6 bxc6 11.Be3 Bd4 12.Bxd4 cxd4 13.Nce4 e5 14.Rc1 Bd7 15.O-O Qe7
16.Rc5 Nd5 17.Ra5 Kg7 18.Nf3 Rfb8 19.Qc2 Qb4 20.Rc5 f6 21.b3 a5 22.Rc4 Qe7
23.Qd2 Rb4 24.Rfc1 Be8 25.e3 dxe3 26.fxe3 Rd8 27.Qe2 Rxc4 28.Rxc4 Nb4 29.Nc5 Bf7
30.Rc3 Rd5 31.Ne4 f5 32.Nf2 Rc5 33.Qb2 Nxa2 34.Rxc5 Qxc5 35.Qxa2 Qxe3 36.Nd2 Bd5
37.Qb2 h5 38.Qc2 Qe1+ 39.Nf1 Qa1 40.Nd1 Qd4+ 41.Nf2 e4 42.Qd2 exd3 43.Qxd3 Qxd3
44.Nxd3 Bxb3 45.Nd2 Bd5 46.Kf2 a4 47.Nb4 a3 48.Ke3 a2 49.Nc2 Kf6 50.h4 g5
51.hxg5+ Kxg5 52.Nf1 Kg4 53.Kf2 f4 54.Nh2+ Kh3 55.Nf1 Bc4  0-1

[Event "Villalba op"]
[Site "Villalba"]
[Date "1997.??.??"]
[Round "2"]
[White "Pogorelov, Ruslan"]
[Black "Ruiz de Alegria, C."]
[Result "1-0"]
[WhiteElo "2440"]
[BlackElo "2120"]

1.Nf3 Nf6 2.c4 c5 3.Nc3 g6 4.e4 d6 5.d4 cxd4 6.Nxd4 Bg7 7.Be2 O-O 8.O-O Nc6
9.Be3 Nxd4 10.Bxd4 Bd7 11.Qd2 Bc6 12.f3 e5 13.Be3 Qe7 14.Rfd1 Rfd8 15.b4 Nh5
16.b5 Be8 17.Nd5 Qd7 18.Rac1 Rdc8 19.g4 Nf6 20.Nxf6+ Bxf6 21.Qxd6 Qxd6 22.Rxd6 Be7
23.Rd5 f6 24.g5 fxg5 25.Rxe5 Bf6 26.Rd5 Bf7 27.Rd7 b6 28.a4 Be6 29.Rb7 Re8
30.c5 Bd8 31.c6 Bf6 32.Bc4 Bxc4 33.Rxc4  1-0

[Event "Zagorovsky mem"]
[Site "Voronezh"]
[Date "1997.??.??"]
[Round "?"]
[White "Zhukhovitsky, Samuel"]
[Black "Sanakoev, Grigory"]
[Result "1/2-1/2"]
[WhiteElo "2370"]
[BlackElo "2270"]

1.Nf3 Nf6 2.c4 e6 3.Nc3 c5 4.g3 b6 5.Bg2 Bb7 6.O-O Be7 7.d4 cxd4 8.Nxd4 Bxg2
9.Kxg2 Qc8 10.Qd3 a6 11.e4 d6 12.b3 Nbd7 13.Bb2 Qb7 14.f3 O-O 15.Rad1 Rfd8
16.Qe2 Bf8  1/2-1/2

[Event "Walsall op"]
[Site "Walsall"]
[Date "1997.??.??"]
[Round "4"]
[White "Kelly, Bryan"]
[Black "Grant, Jonathan"]
[Result "1-0"]
[WhiteElo "2400"]
[BlackElo "2275"]

1.Nf3 Nf6 2.c4 e6 3.Nc3 c5 4.g3 d5 5.cxd5 exd5 6.d4 Nc6 7.Bg2 Be7 8.O-O O-O
9.Bg5 cxd4 10.Nxd4 h6 11.Be3 Re8 12.Rc1 Bg4 13.Qa4 Bd7 14.a3 Na5 15.Qc2 Rc8
16.Rcd1 Nc4 17.Bc1 Qa5 18.Qb3 Nxa3 19.Nxd5 Nb5 20.Be3 Nxd4 21.Bxd4 Ba4 22.Nxe7+ Rxe7
23.Qa3 Rxe2 24.b3 b5 25.bxa4 bxa4 26.Bxf6 gxf6 27.Rd4 Rc3 28.Rg4+  1-0

[Event "Warsaw-ch"]
[Site "Warsaw"]
[Date "1997.??.??"]
[Round "8"]
[White "Barwinski, Dionizy"]
[Black "Lachowski, Adam"]
[Result "1-0"]
[WhiteElo "2265"]
[BlackElo "2205"]

1.c4 c5 2.Nc3 g6 3.Nf3 Nf6 4.g3 Bg7 5.Bg2 Nc6 6.O-O d5 7.cxd5 Nxd5 8.Qb3 Nxc3
9.bxc3 O-O 10.d3 Rb8 11.Be3 b6 12.Rac1 Bb7 13.Rfd1 e5 14.d4 cxd4 15.cxd4 Nxd4
16.Nxd4 exd4 17.Bxd4 Bxd4 18.e3 Bxg2 19.Rxd4 Bf3 20.Rxd8 Rbxd8 21.h3 h5 22.Qb4 Rd5
23.g4 hxg4 24.hxg4 Ra5 25.a3 Bd5 26.Kh2 Re8 27.Kg3 Be6 28.Qd4 Bd5 29.f3 Ba8
30.Rh1 Rae5 31.e4 g5 32.Rc1 Bb7 33.Rc7 Bxe4 34.fxe4 Rxe4 35.Qd2 Rf4 36.Rc3 Ree4
37.Qd8+ Kh7 38.Qxg5 Rf1 39.Kg2  1-0

[Event "Hoogovens-B"]
[Site "Wijk aan Zee"]
[Date "1997.??.??"]
[Round "3"]
[White "Kalinin, Alexander"]
[Black "Atalik, Suat"]
[Result "1/2-1/2"]
[WhiteElo "2425"]
[BlackElo "2555"]

1.c4 Nf6 2.Nc3 c5 3.Nf3 e6 4.g3 Nc6 5.Bg2 d5 6.cxd5 Nxd5 7.O-O Be7 8.d4 O-O
9.Nxd5 exd5 10.dxc5 Bxc5 11.Bg5 Qd7 12.Ne1 d4 13.Nd3 Bb6 14.Bf3 Qf5 15.Bd2 Rd8
16.a4 Be6 17.Nf4 a5 18.Nxe6 Qxe6 19.Bf4 h6 20.h4 Rac8 21.Rc1 Ne5 22.Bxe5 Rxc1
23.Qxc1 Qxe5 24.Kg2 Qe7 25.Qc4 Bc5 26.Rd1 b6 27.Rd3 Rd6 28.Qa6 g5 29.Qc8+ Kg7
30.Qg4 Re6 31.Rd1 Re5 32.hxg5 Qxg5 33.Qxg5+ hxg5 34.g4 f5 35.gxf5 Rxf5 36.Rd3 Rf4
37.Bc6 Kf6 38.Rf3 Ke5 39.Rxf4 gxf4  1/2-1/2

[Event "Hoogovens-B"]
[Site "Wijk aan Zee"]
[Date "1997.??.??"]
[Round "5"]
[White "Kalinin, Alexander"]
[Black "Janssen, Ruud"]
[Result "1-0"]
[WhiteElo "2425"]
[BlackElo "2350"]

1.Nf3 Nf6 2.c4 e6 3.Nc3 c5 4.g3 b6 5.Bg2 Bb7 6.O-O d6 7.Re1 Nbd7 8.e4 Qc7
9.d4 cxd4 10.Nxd4 Qxc4 11.Be3 e5 12.Ndb5 a6 13.Nxd6+ Bxd6 14.Qxd6 Qe6 15.Rad1 Qxd6
16.Rxd6 Ke7 17.Red1 Rhd8 18.f3 Ne8 19.R6d2 Nc5 20.b4 Rxd2 21.Rxd2 Nd7 22.Na4 Rd8
23.Nxb6 Nxb6 24.Rxd8 Kxd8 25.Bxb6+ Kd7 26.Bf1 Kc6 27.Be3 Nd6 28.a4 Bc8 29.Kf2 f6
30.Ke1 Kb7 31.Bc5 Ne8 32.Bc4 Bd7 33.Bb3 Nc7 34.Kd2 Be6 35.Bc2 Ba2 36.Kc3 Ne6
37.Be3 Nd8 38.Bd3 Be6 39.Bc4 g6 40.Bc5 Bxc4 41.Kxc4 Ne6 42.Kd5 Ng5 43.f4 Nf3
44.h3  1-0

[Event "Hoogovens-B"]
[Site "Wijk aan Zee"]
[Date "1997.??.??"]
[Round "10"]
[White "Cifuentes Parada, Roberto"]
[Black "Kalinin, Alexander"]
[Result "1-0"]
[WhiteElo "2515"]
[BlackElo "2425"]

1.Nf3 Nf6 2.c4 e6 3.Nc3 c5 4.e3 Nc6 5.d4 d5 6.a3 Ne4 7.Bd3 Nxc3 8.bxc3 Be7
9.O-O O-O 10.Bb2 Qc7 11.Qe2 dxc4 12.Bxc4 b6 13.e4 Na5 14.Ba2 Bb7 15.Ne5 c4
16.Rae1 Bd6 17.Ng4 f6 18.e5 fxe5 19.Nxe5 Bxe5 20.dxe5 Qc6 21.f3 Rad8 22.Rd1 Qc5+
23.Kh1 Rd5 24.Rxd5 Bxd5 25.Bb1 Nc6 26.Bc1 Qe7 27.a4 Rf7 28.Re1 Qh4 29.Kg1 Ne7
30.Be3 Nc6 31.Bf2 Qg5 32.Bg3 Qe7 33.Qc2 Rf5 34.Qd2 Rf8 35.Qc2 Rf5 36.Qb2 Rf8
37.h4 Qc5+ 38.Bf2 Qe7 39.Qc2 g6 40.Qd2 Na5 41.Qh6 Qg7 42.Qg5 Nc6 43.Kh2 Qe7
44.Qg4 Qg7 45.Bg3 Ne7 46.Bf4 h6 47.Bc1 Nf5 48.Ba3 Rf7 49.Bc2 Kh7 50.Bc1 Rf8
51.Ba3 Rf7 52.Bb4 Qg8 53.a5 b5 54.Qh3 Kh8 55.Qg4 a6 56.Be4 Rd7 57.h5 Qg7
58.hxg6 Qxe5+ 59.f4 Qf6 60.Bxf5 Qxf5 61.Qxf5 exf5 62.Re5 Kg7 63.Rxf5 Kxg6
64.Re5 Kf6 65.Rh5 Kg6 66.g4 Bf3 67.Kg3 Rd3 68.Re5 Bd5+ 69.Kh4 Bg2 70.f5+ Kf6
71.Re6+ Kg7 72.Rg6+ Kh7 73.g5 hxg5+ 74.Rxg5 Be4 75.f6 Bg6 76.Rc5 Kh6 77.Rc6 Rf3
78.Rxa6 Rf4+ 79.Kg3 Kg5 80.Rb6 Rg4+ 81.Kf3 Rf4+ 82.Ke3 Re4+ 83.Kd2 Bh5 84.Rxb5+ Kg6
85.Rxh5  1-0

[Event "Zadar op"]
[Site "Zadar"]
[Date "1997.??.??"]
[Round "4"]
[White "Bistric, Faruk"]
[Black "Bozinovic, Bogdan"]
[Result "1-0"]
[WhiteElo "2430"]
[BlackElo "2255"]

1.Nf3 c5 2.c4 Nf6 3.Nc3 e6 4.g3 b6 5.Bg2 Bb7 6.O-O a6 7.Re1 Be7 8.e4 d6 9.d4 cxd4
10.Nxd4 Qc7 11.Be3 Nbd7 12.f4 O-O 13.Rc1 Rac8 14.g4 Nc5 15.Bf2 e5 16.Nf5 Ne6
17.fxe5 dxe5 18.Nd5 Nxd5 19.cxd5 Nc5 20.d6  1-0

[Event "Zadar op"]
[Site "Zadar"]
[Date "1997.??.??"]
[Round "8"]
[White "Lalic, Bogdan"]
[Black "Bistric, Faruk"]
[Result "1-0"]
[WhiteElo "2600"]
[BlackElo "2430"]

1.c4 c5 2.Nf3 Nf6 3.Nc3 b6 4.e4 Nc6 5.d4 cxd4 6.Nxd4 Bb7 7.Be2 e6 8.O-O Qb8
9.Nc2 Be7 10.f4 O-O 11.e5 Ne8 12.Qxd7 Nc7 13.Qd3 Na6 14.Qh3 Nab4 15.Nxb4 Nxb4
16.Be3 Rd8 17.Rad1 g6 18.Rxd8+ Qxd8 19.Rd1 Qf8 20.Bf3 Bxf3 21.Qxf3 Rd8 22.a3 Rxd1+
23.Qxd1 Bc5 24.Qd2 Nc2 25.Bf2 Bxf2+ 26.Qxf2 Na1 27.Ne4 Qc8 28.Nd6 Qc7 29.b4 a5
30.Qf3 Qa7 31.b5 a4 32.Qc6 Kg7 33.Ne8+ Kh8 34.Qc8  1-0

[Event "Rishon Le Ziyyon 9798"]
[Site "Rishon Le Ziyyon"]
[Date "1998.01.02"]
[Round "9"]
[White "Vovsha, Eli"]
[Black "Khetsuriani, Besarion"]
[Result "1/2-1/2"]
[WhiteElo "2240"]
[BlackElo "2305"]

1.Nf3 Nf6 2.c4 e6 3.Nc3 c5 4.g3 b6 5.Bg2 Bb7 6.O-O Be7 7.d4 cxd4 8.Qxd4 O-O
9.Rd1 Nc6 10.Qd3 Nb4 11.Qd2 Qc8 12.b3 d5 13.cxd5 Nbxd5 14.Nxd5 Bxd5 15.Bb2 Qa6
16.Nd4  1/2-1/2

[Event "NLD-sf"]
[Site "Enschede"]
[Date "1998.01.05"]
[Round "3"]
[White "Cifuentes Parada, Roberto"]
[Black "Delemarre, Jop"]
[Result "1-0"]
[WhiteElo "2535"]
[BlackElo "2420"]

1.c4 Nf6 2.Nc3 c5 3.Nf3 e6 4.g3 b6 5.Bg2 Bb7 6.O-O Be7 7.d4 cxd4 8.Qxd4 Nc6
9.Qf4 O-O 10.Rd1 Bb4 11.Bd2 a6 12.Ne4 Nxe4 13.Qxe4 Na5 14.Qd4 Bxd2 15.Rxd2 d5
16.cxd5 Bxd5 17.Ne5 Bxg2 18.Kxg2 Qxd4 19.Rxd4 Rfd8 20.Rad1 Rxd4 21.Rxd4 f6
22.Nd7 b5 23.Nc5 Rc8 24.Nxe6 Rc2 25.Rd7 Rxe2 26.Nxg7 Rxb2 27.Nh5 Rxa2 28.Nxf6+ Kf8
29.Nxh7+ Ke8 30.Nf6+ Kf8 31.h4 Rc2 32.h5 Rc6 33.h6 Rxf6 34.Rd8+ Ke7 35.h7 Kxd8
36.h8=Q+ Ke7 37.g4 Rg6 38.Qh4+ Kf7 39.f4 Nc4 40.Qh7+ Rg7 41.Qf5+ Ke7 42.Qe4+  1-0

[Event "NLD-sf"]
[Site "Enschede"]
[Date "1998.01.07"]
[Round "5"]
[White "Janssen, Ruud"]
[Black "Delemarre, Jop"]
[Result "1-0"]
[WhiteElo "2290"]
[BlackElo "2420"]

1.c4 Nf6 2.Nc3 c5 3.Nf3 g6 4.d4 cxd4 5.Nxd4 Nc6 6.e4 d6 7.Be2 Nxd4 8.Qxd4 Bg7
9.Bg5 O-O 10.Qd2 Qa5 11.f3 Be6 12.Rc1 Rfc8 13.b3 a6 14.Na4 Qxd2+ 15.Kxd2 Nd7
16.g4 Kf8 17.Be3 f5 18.exf5 gxf5 19.h3 Rab8 20.Nc3 Nc5 21.Rhg1 a5 22.Nd5 a4
23.b4 Nd7 24.Nf4 Bf7 25.gxf5 Bf6 26.Ne6+ Ke8 27.f4 Nf8 28.Ng5 e6 29.Ne4 Ke7
30.c5 dxc5 31.Bxc5+ Rxc5 32.bxc5 Bd4 33.f6+ Bxf6 34.Nxf6 Kxf6 35.Ke3 e5 36.fxe5+ Kxe5
37.Bc4 Bg6 38.Rcf1 Ne6 39.Bxe6 Kxe6 40.Rf4 Re8 41.Rd1 a3 42.h4 Rc8 43.h5 Bxh5
44.Re4+ Kf6 45.Rf1+ Kg7 46.Re7+ Kh6 47.Kd4 Rd8+ 48.Kc3 Rd5 49.Kb4 Rd4+ 50.Kxa3 Rd3+
51.Kb4 Bf3 52.Kc4  1-0

[Event "Ano Liosia op"]
[Site "Athens"]
[Date "1998.01.08"]
[Round "6"]
[White "Georgiev, Vladimir"]
[Black "Halkias, Stelios"]
[Result "1-0"]
[WhiteElo "2565"]
[BlackElo "2425"]

1.c4 Nf6 2.Nc3 c5 3.Nf3 e6 4.e3 Be7 5.d4 cxd4 6.exd4 d5 7.cxd5 Nxd5 8.Bd3 Nc6
9.O-O O-O 10.Re1 Bf6 11.Bb1 g6 12.Bh6 Re8 13.Ne4 Bh8 14.a3 b6 15.Ba2 Bb7
16.Qd3 Nce7 17.Rad1 Nf5 18.Bg5 f6 19.Bc1 Qd7 20.Ng3 Bg7 21.Re2 Rac8 22.Bd2 Bc6
23.Ree1 Bb5 24.Qe4 Bc4 25.Bxc4 Rxc4 26.Nxf5 gxf5 27.Qd3 Rc6 28.Re2 Rd6 29.Rde1 Kf7
30.Nh4 Ne7 31.Bc3 a5 32.Qf3 Rh8 33.g3 Ng6 34.Ng2 Rd8 35.Ne3 Ne7 36.Qh5+ Kg8
37.d5 e5 38.Nc4 Rxd5 39.Nxb6 Qe6 40.Nxd5 Nxd5 41.Rd2 Rc8 42.Bxa5 Ne7 43.Red1 Nc6
44.Rd6 Qc4 45.Bc3 Qe4 46.Rd7 Rf8 47.Rxg7+  1-0

[Event "NLD-sf"]
[Site "Enschede"]
[Date "1998.01.08"]
[Round "6"]
[White "Janssen, Ruud"]
[Black "Cifuentes Parada, Roberto"]
[Result "1/2-1/2"]
[WhiteElo "2290"]
[BlackElo "2535"]

1.c4 Nf6 2.Nc3 c5 3.Nf3 e6 4.g3 d5 5.cxd5 Nxd5 6.Bg2 Nc6 7.O-O Be7 8.b3 O-O
9.Bb2 Bf6 10.a3 b6 11.e4 Nxc3 12.dxc3 e5 13.Qc2 Be6 14.Rfd1 Qc7 15.Nd2 Na5
16.Bf1 c4 17.b4 Nb3 18.Nxb3 cxb3 19.Qe2 a5 20.Qb5 h6 21.c4 Rfc8 22.Rac1 axb4
23.Qxb4 Qc5 24.Qxb3 Bg5 25.Rc3 Qc6 26.Qb5 Ra5 27.Qxc6 Rxc6 28.f3 Be7 29.Kg2 f6
30.Bd3 Bc5 31.Kf1 Bd4 32.Rb3 Bxb2 33.Rxb2 Rxa3 34.Rc2 Kf8 35.Ke2 Ke7 36.Rdd2 Ra4
37.Ra2 Raxc4 38.Ra7+ Rc7 39.Rda2 Rc6 40.R2a6 Rxa7 41.Rxa7+ Kf8 42.f4 Bc4
43.fxe5 fxe5 44.Rb7 Bxd3+ 45.Kxd3 Kg8 46.g4 Kh7 47.Re7 Rc5 48.h4 b5 49.Rb7 h5
50.gxh5 Kh6 51.Kd2 Kxh5 52.Rxg7 Kxh4 53.Kd3 Kh5 54.Rg8 Kh6 55.Kd2 Kh7 56.Rg1 b4
57.Rb1 Rc4 58.Kd3 Rd4+ 59.Ke3 Kg6 60.Ra1 Rd6 61.Rg1+ Kf6 62.Rf1+ Ke6 63.Rh1 Rc6
64.Rh8 Rc3+ 65.Kd2 Rg3 66.Rb8 b3 67.Re8+ Kf6 68.Rf8+ Ke7 69.Rb8 Rh3 70.Kc1 Rd3
71.Kb2 Kf6 72.Rf8+ Ke7 73.Rb8 Re3 74.Rxb3 Rxe4 75.Kc2 Ke6 76.Kd3 Rh4 77.Ke2 Kf5
78.Rb8 Rh2+ 79.Ke1 Kf4 80.Rb4+ e4 81.Rb3  1/2-1/2

[Event "Ano Liosia op"]
[Site "Athens"]
[Date "1998.01.10"]
[Round "8"]
[White "Ivanov, Jordan"]
[Black "Nikolaidis, Ioannis"]
[Result "1/2-1/2"]
[WhiteElo "2410"]
[BlackElo "2490"]

1.Nf3 Nf6 2.c4 c5 3.Nc3 g6 4.d4 cxd4 5.Nxd4 Nc6 6.e4 Nxd4 7.Qxd4 d6 8.Bg5 Bg7
9.Qd2 Be6 10.Bd3 Rc8 11.Nd5 Bxd5 12.exd5 b5 13.cxb5 Rc5 14.Bxf6 Bxf6 15.Be2 Qc7
16.O-O Rc2 17.Qe3 Qc5 18.Bd3 Qxe3 19.fxe3 Rxb2 20.Rac1 O-O 21.Rf2 Bg5 22.Re1 Rxf2
23.Kxf2 Rc8 24.Rb1 Rc5 25.e4 Rc3 26.Rb3 Rxb3 27.axb3 Kg7 28.g3 Kf6 29.h4 Bd2
30.g4 Ke5 31.Kf3 h5 32.gxh5 gxh5 33.Be2 f5 34.exf5 Kxf5 35.Kf2 Ke5 36.Bf3 Kd4
37.Ke2 Bf4 38.Kf2 Be5 39.Kg2 Kc5 40.Kf2 Kd4 41.Kg2 Bg7 42.Kf2 Bf6 43.Kg3 Kc5
44.Kf4 Kxb5 45.Bxh5 Kb4 46.Bd1 Bxh4 47.Kf5 a5 48.Ke6 Kc3 49.Kd7 Kd2 50.Bf3 Kc2
51.Kc6 Kxb3 52.Kb5 Be1 53.Bd1+ Kc3  1/2-1/2

[Event "Ubeda op"]
[Site "Ubeda"]
[Date "1998.01.21"]
[Round "2"]
[White "Savchenko, Stanislav"]
[Black "Gurevich, Vladimir"]
[Result "1/2-1/2"]
[WhiteElo "2595"]
[BlackElo "2435"]

1.Nf3 c5 2.c4 Nf6 3.Nc3 e6 4.g3 b6 5.Bg2 Bb7 6.O-O Be7 7.Re1 Ne4 8.d4 Nxc3
9.bxc3 Be4 10.Bf1 Bxf3 11.exf3 cxd4 12.cxd4 O-O 13.f4 Nc6 14.d5 Na5 15.Bd2 Rc8
16.Bxa5 bxa5 17.Rb1 Bc5 18.Qd3  1/2-1/2

[Event "RUS-Cup02"]
[Site "Moscow"]
[Date "1998.01.24"]
[Round "4"]
[White "Drogoon, A."]
[Black "Gorbatow, Alexej"]
[Result "1-0"]
[WhiteElo "2360"]
[BlackElo "2435"]

1.Nf3 Nf6 2.c4 e6 3.Nc3 c5 4.g3 b6 5.Bg2 Bb7 6.O-O Be7 7.Re1 d6 8.e4 e5 9.a3 Nc6
10.Rb1 O-O 11.b4 Bc8 12.h3 Bd7 13.d3 Ne8 14.Nd5 Nc7 15.Nxe7+ Qxe7 16.Nh2 cxb4
17.axb4 b5 18.Nf1 Rab8 19.Bd2 Nd4 20.Ne3 Rfc8 21.Bc3 Be6 22.Nd5 Qd7 23.Kh2 Na8
24.Ne3 Qc7 25.Bf1 a6 26.f4 f6 27.Rc1 Qa7 28.Nd5 Nb6 29.Bxd4 exd4 30.Qd2 Na4
31.Bg2 Kh8 32.e5 dxe5 33.fxe5 f5 34.Nf4 Bg8 35.e6 Nc3 36.Rxc3 dxc3 37.Qxc3 bxc4
38.dxc4 Qe7 39.c5 a5 40.Nd5 Qa7 41.Nb6 Qxb6 42.cxb6 Rxc3 43.bxa5 Ra3 44.e7 Bf7
45.Rd1 Rg8 46.Rd8 Rxa5 47.b7 Rb5 48.Rxg8+ Kxg8 49.Bd5  1-0

[Event "Anibal op 5th"]
[Site "Linares"]
[Date "1998.01.25"]
[Round "6"]
[White "Saldano, Horacio"]
[Black "Magem Badals, Jorge"]
[Result "1/2-1/2"]
[WhiteElo "2345"]
[BlackElo "2535"]

1.c4 c5 2.Nf3 Nf6 3.Nc3 d5 4.cxd5 Nxd5 5.d4 e6 6.e4 Nxc3 7.bxc3 cxd4 8.cxd4 Bb4+
9.Bd2 Bxd2+ 10.Qxd2 O-O 11.Bc4 Nd7 12.O-O Nf6 13.Rfe1 b6 14.Rad1 Bb7 15.Bd3 Rc8
16.d5 exd5 17.e5 Ne4 18.Qf4 Nc5 19.Bf5 Ne6 20.Qg4 Rc6 21.Qh3 g6 22.Bxe6 Rxe6
23.Nd4  1/2-1/2

[Event "Anibal op 5th"]
[Site "Linares"]
[Date "1998.01.26"]
[Round "7"]
[White "Savchenko, Stanislav"]
[Black "Kunte, Abhijit"]
[Result "1-0"]
[WhiteElo "2595"]
[BlackElo "2460"]

1.Nf3 Nf6 2.c4 c5 3.Nc3 e6 4.g3 b6 5.Bg2 Bb7 6.O-O Be7 7.Re1 d5 8.cxd5 Nxd5
9.e4 Nb4 10.d4 cxd4 11.Nxd4 N8c6 12.Nxc6 Nxc6 13.Bf4 O-O 14.Qg4 e5 15.Be3 Bc8
16.Qh5 g6 17.Qe2 Nd4 18.Bxd4 exd4 19.Rad1 Bc5 20.e5 Rb8 21.Ne4 Bf5 22.Nf6+ Kg7
23.a3 a5 24.Qb5 Be6 25.b4 Be7 26.Re4 Bxf6 27.Rexd4 Qe7 28.exf6+ Qxf6 29.bxa5 bxa5
30.Qxa5 Bb3 31.R1d2 Rfe8 32.h4 Re5 33.Qc3 Be6 34.Kh2 Rb3 35.Qc1 Ra5 36.a4 h5
37.Qc7 Rf5 38.Qc2 Ra3 39.Rb4 Ra2 40.Rb2 Ra3 41.Qe4 Rc3 42.Rbc2 Ra3 43.Rb2 Rc3
44.Qd4 Rc4 45.Qxf6+ Kxf6 46.Bh3 Ra5 47.Bxe6 Kxe6 48.Rb7 Rcxa4 49.Rdd7 Rf5
50.Re7+ Kd6 51.Rxf7 Rxf7 52.Rxf7 Ke6 53.Rf8 Ke7 54.Rf4 Rxf4 55.gxf4 Kf6 56.Kg2 Ke6
57.f3 Kf5 58.Kg3 Ke6 59.Kf2 Kf6 60.Ke2 Ke6 61.Kd3 Kf5 62.Ke3 Kf6 63.Ke4 Ke6
64.f5+ gxf5+ 65.Kd4  1-0

[Event "Europe vs Americas"]
[Site "Mermaid Beach"]
[Date "1998.01.27"]
[Round "2"]
[White "Georgiev, Vladimir"]
[Black "Leitao, Rafael"]
[Result "1/2-1/2"]
[WhiteElo "2565"]
[BlackElo "2515"]

1.c4 Nf6 2.Nc3 c5 3.Nf3 e6 4.e3 Be7 5.d4 O-O 6.Be2 cxd4 7.Nxd4 Nc6 8.O-O d5
9.cxd5 Nxd4 10.Qxd4 Nxd5 11.Rd1 Nxc3 12.Qxc3 Qb6 13.e4 Bc5 14.Bf4 Bxf2+ 15.Kf1 Bc5
16.Rac1 Bb4 17.Qg3 e5 18.Bxe5 Qg6 19.a3 Ba5 20.Bd6 Qxg3 21.hxg3 Re8 22.e5 Bd7
23.b4 Bb6 24.Bf3 Bb5+ 25.Ke1 Rad8 26.Rc3 Rd7 27.Rd5 Bc6 28.Rd2 Bxf3 29.gxf3 f6
30.f4 Kf7 31.Ke2 h5 32.Rdd3 fxe5 33.Bxe5 Red8 34.Rxd7+ Rxd7 35.Kf3 g6 36.a4 Ke6
37.Ke4 Rd2 38.a5 Re2+ 39.Kf3 Rf2+ 40.Ke4 Re2+  1/2-1/2

[Event "FRA-chT"]
[Site "FRA"]
[Date "1998.02.06"]
[Round "1"]
[White "Touzane, Olivier"]
[Black "Benitah, Yohan"]
[Result "1-0"]
[WhiteElo "2350"]
[BlackElo "2345"]

1.Nf3 Nf6 2.c4 g6 3.Nc3 c5 4.e4 Nc6 5.d4 cxd4 6.Nxd4 Nxd4 7.Qxd4 d6 8.Bg5 Bg7
9.Be2 O-O 10.Qd2 Be6 11.O-O Qa5 12.Rac1 Rfc8 13.b3 a6 14.f4 Kf8 15.f5 gxf5
16.Bh6 Qc5+ 17.Kh1 Nxe4 18.Nxe4 fxe4 19.Rc3 Bxh6 20.Qxh6+ Ke8 21.Re3 Bf5
22.Rg3 Bg6 23.h4 Qe5 24.Rg5 Qb2 25.Bg4 e3 26.h5 e2 27.Re1 Qd2 28.Rxe2 Qc1+
29.Kh2 Qf4+ 30.g3  1-0

[Event "Novak Nikolic mem 1st"]
[Site "Belgrade"]
[Date "1998.02.07"]
[Round "2"]
[White "Popchev, Milko"]
[Black "Cabrilo, Goran"]
[Result "1/2-1/2"]
[WhiteElo "2455"]
[BlackElo "2490"]

1.c4 e6 2.Nf3 Nf6 3.Nc3 c5 4.d4 cxd4 5.Nxd4 a6 6.e4 d6 7.Be2 Be7 8.O-O O-O
9.Be3 Qc7 10.Qd2 b6 11.Rac1 Bb7 12.f3 Nbd7 13.Rfd1 Rac8 14.Bf1  1/2-1/2

[Event "CZE-chT 9798"]
[Site "CZE"]
[Date "1998.02.08"]
[Round "7"]
[White "Firt, Stanislav"]
[Black "Turner, Jan"]
[Result "1-0"]
[WhiteElo "2335"]
[BlackElo "2300"]

1.c4 Nf6 2.Nc3 e6 3.Nf3 c5 4.g3 b6 5.Bg2 Bb7 6.d4 cxd4 7.Qxd4 d6 8.O-O Be7
9.Bg5 O-O 10.Rfd1 Nbd7 11.Nb5 d5 12.cxd5 Bxd5 13.Nc3 Bb7 14.Qa4 Qe8 15.Nd4 Bxg2
16.Kxg2 h6 17.Be3 Nc5 18.Qxe8 Rfxe8 19.Nc6 a6 20.Nxe7+ Rxe7 21.Bxc5 bxc5
22.Rd6 Rb7 23.b3 c4 24.bxc4 Rc8 25.Rxa6 Rxc4 26.Ra3 Ne4 27.Nxe4 Rxe4 28.e3 Rc4
29.Rb3 Ra7 30.Rb2 Rca4 31.Kf3 Kh7 32.Ke2 Kg6 33.Kd3 Ra3+ 34.Kc2 Kf5 35.h3 Rc7+
36.Kb1 Ke4 37.Rb4+ Kf3 38.Kb2 Rac3 39.Rf4+ Kg2 40.a4 Rc2+ 41.Kb3 Rxf2 42.a5 Rxf4
43.gxf4 Kf3 44.a6 Ra7 45.Kb4 Kxe3 46.Kb5 Kxf4 47.Kb6 Rxa6+ 48.Rxa6 g5 49.Ra7 f5
50.Rh7 Kg3 51.Kc5 Kxh3 52.Rxh6+ Kg3 53.Rxe6 f4 54.Kd4 Kf3 55.Ra6 g4 56.Ra3+ Kf2
57.Ke4 f3 58.Ra2+ Kf1 59.Ke3  1-0

[Event "Calcutta Goodricke op"]
[Site "Calcutta"]
[Date "1998.02.10"]
[Round "5"]
[White "Shetty, Rahul"]
[Black "Konguveel, Ponnuswamy"]
[Result "0-1"]
[WhiteElo "2315"]
[BlackElo "2430"]

1.Nf3 Nf6 2.c4 g6 3.Nc3 c5 4.e4 d6 5.d4 cxd4 6.Nxd4 Nc6 7.f3 Nxd4 8.Qxd4 Bg7
9.Be3 O-O 10.Qd2 Qa5 11.Rc1 Be6 12.b3 Rfc8 13.Be2 a6 14.Na4 Qxd2+ 15.Kxd2 Nd7
16.g4 f5 17.exf5 gxf5 18.h3 Rf8 19.Rhg1 fxg4 20.hxg4 b5 21.Nb6 Nxb6 22.Bxb6 Rab8
23.Be3 bxc4 24.bxc4 Rfc8 25.Rc2 Bd7 26.c5 dxc5 27.Bxa6 Rd8 28.Kc1 Ba4 29.Bc4+ Kf8
30.Bb3 Bxb3 31.axb3 Rxb3 32.Bxc5 Rxf3 33.Rf2 Rxf2 34.Bxf2 Kf7 35.Rd1 Rc8+
36.Kd2 Rc4 37.Rg1 Kg6 38.Kd3 Ra4 39.Re1 e5 40.Re4 Ra3+ 41.Ke2 Kf6 42.Be3 Bf8
43.g5+ Kf5 44.Rh4 Ra2+ 45.Kd1 Kg6 46.Rc4 Rh2 47.Rc8 Bb4 48.Rb8 Be7 49.Re8 Kf7
50.Ra8 Rh5 51.Ra7 Ke6 52.Ke2 Rh2+ 53.Kf1 Rh3 54.Kf2 Bd6 55.Ra6 Kd5 56.Ra4 e4
57.Ke2 Rh2+ 58.Kf1 Rh4 59.Ke2 Rh2+ 60.Kf1 Rc2 61.Rd4+ Ke5 62.Rd2 Rxd2 63.Bxd2 Kf5
64.Be3 Bf4 65.Bb6 Kxg5 66.Kg2 Kg4 67.Bd4 h5 68.Bc5 h4 69.Bd4 h3+ 70.Kh1 Kf3
71.Bc5 Bg3 72.Bb6 Bf2 73.Ba5 e3 74.Bb4 Bg3 75.Ba5 e2 76.Bb4 Ke3 77.Ba5 Kd3
78.Bb4 Kc2 79.Ba5 Kd1 80.Bb4 Bf4  0-1

[Event "CZE-chT 9798"]
[Site "CZE"]
[Date "1998.03.08"]
[Round "9"]
[White "Moravec, Michal"]
[Black "Olsar, Jaroslav"]
[Result "1/2-1/2"]
[WhiteElo "2235"]
[BlackElo "2295"]

1.c4 Nf6 2.Nc3 c5 3.Nf3 d5 4.cxd5 Nxd5 5.e4 Nb4 6.Bc4 Nd3+ 7.Ke2 Nf4+ 8.Kf1 Ne6
9.d3 Nc6 10.Be3 Ned4 11.Nb5 Qb6 12.Bxd4 cxd4 13.Qb3 e6 14.Nbxd4 Qxb3 15.Bxb3 Nxd4
16.Nxd4 Bd7 17.Ke2 Bd6 18.Nf3 Ke7 19.Rac1 a5 20.d4 Bf4 21.Nd2 Rhd8 22.g3 Bb5+
23.Ke1 Bxd2+ 24.Kxd2 a4 25.Bc2 Rxd4+ 26.Ke3 Rb4 27.b3 a3 28.Rhd1 Bc6 29.Rd4 Rxd4
30.Kxd4 Rd8+ 31.Ke3 e5 32.Bd3 f6 33.Rc5 Ra8 34.Kd2 Kd6 35.Rc1 Rd8 36.Kc3 Ke7
37.Re1 Rd4 38.Re3 Kd6 39.b4 Ba4 40.Bc4 Kc7 41.Bd5 Bc6  1/2-1/2

[Event "Budapest FS03 IM"]
[Site "Budapest"]
[Date "1998.03.17"]
[Round "11"]
[White "Karatorossian, David"]
[Black "Rodriguez Lopez, Rafael"]
[Result "0-1"]
[WhiteElo "2375"]
[BlackElo "2285"]

1.c4 c5 2.Nc3 Nf6 3.Nf3 e6 4.g3 b6 5.Bg2 Bb7 6.O-O a6 7.b3 d6 8.Bb2 Be7 9.e3 O-O
10.Re1 Nbd7 11.d4 Qb8 12.d5 exd5 13.cxd5 Re8 14.Nh4 b5 15.e4 Bf8 16.f4 g6
17.Qc2 Bg7 18.h3 Nb6 19.Rad1 b4 20.Nb1 a5 21.Nd2 a4 22.Nc4 axb3 23.axb3 Nxc4
24.bxc4 Ra2 25.e5 dxe5 26.fxe5 Nd7 27.Nf3 Nxe5 28.Nxe5 Bxe5 29.Bxe5 Rxc2
30.Bxb8 Rxb8 31.Rc1 Rxc1 32.Rxc1 Bc8 33.g4 h5 34.Bf3 hxg4 35.hxg4 Kg7 36.Kf2 Kf6
37.Ke3 Kg5 38.Ke4 f5+ 39.Ke5 fxg4 40.Be4 Bf5 41.Bxf5 gxf5 42.d6 g3 43.Kd5 f4
44.Kxc5 f3 45.Kd4 f2 46.Ke3 Kg4 47.Ke2 Re8+ 48.Kf1 Kf3  0-1